| 000 | 00745nam a22002417a 4500 | ||
|---|---|---|---|
| 003 | DO-SdBNP | ||
| 005 | 20221121090044.0 | ||
| 008 | 151005b19uu sp| 0 spa d | ||
| 020 | _a8440209177 | ||
| 040 |
_aBPMSU _bspa _cBPMSU |
||
| 082 | 4 |
_a823.91 _bW187h _222 |
|
| 100 | 1 | _aWallace, Edgar | |
| 245 | 1 | 3 |
_aEl hombre del antifaz blanco / _cEdgar Wallace ; traducción Armando Lázaro Ros |
| 260 |
_aBarcelona : _bLitografía Rosés, _c[190-?]. |
||
| 300 |
_a173 p. ; _c18 cm. |
||
| 490 | 0 |
_aEl observador _v29 |
|
| 534 |
_aTítulo original :
_tThe door with seven locks whit face |
||
| 590 | _6Inventariado, 2022/VM | ||
| 650 | 4 | _aNovela inglesa | |
| 700 | 1 |
_aLázaro Ros, Armando _etr. |
|
| 910 | _aYLOCKWARD/ VMateo V./Validado | ||
| 942 |
_2ddc _cBK |
||
| 999 |
_c8522 _d8522 |
||